|
|
|
|
| LEADER |
00000naa2a2200000 4500 |
| 001 |
381524 |
| 005 |
20231101062835.0 |
| 035 |
|
|
|a (RuTPU)RU\TPU\prd\4277
|
| 090 |
|
|
|a 381524
|
| 100 |
|
|
|a 20020530a2002 k y0rusy50 ca
|
| 101 |
0 |
|
|a rus
|
| 102 |
|
|
|a RU
|
| 200 |
1 |
|
|a Моделирование устойчивости электронных схем
|f М. Пушкарёв
|
| 225 |
1 |
|
|a Основы схемотехники
|
| 320 |
|
|
|a Библиогр.: 3 назв.
|
| 461 |
|
1 |
|0 (RuTPU)RU\TPU\prd\2494
|t Схемотехника
|o научно-технический журнал
|d 2002-2007
|
| 463 |
|
1 |
|0 (RuTPU)RU\TPU\prd\2500
|t № 1
|v С. 18-21
|d 2002
|
| 610 |
1 |
|
|a электронные схемы
|
| 610 |
1 |
|
|a моделирование
|
| 610 |
1 |
|
|a устойчивость
|
| 610 |
1 |
|
|a аналоговая схемотехника
|
| 700 |
|
1 |
|a Пушкарёв
|b М.
|g Михаил
|
| 801 |
|
1 |
|a RU
|b 63413507
|c 20020530
|g PSBO
|
| 801 |
|
2 |
|a RU
|b 63413507
|c 20131217
|g PSBO
|
| 942 |
|
|
|c BK
|